000
00285nam a2200097Ia 4500
008
220204s9999 xx 000 0 und d
082
_a
339.18(47+57)
_b
ECO
245
0
_a
Economic and commercial report: USSR
260
_a
New Delhi
_b
Directorate of Commercial Publicity
_c
1968
942
_c
BK
999
_c
22292
_d
22292